| 000 | 00792cam a22001935a 4500 | ||
|---|---|---|---|
| 001 | L137716 | ||
| 008 | 070425s2007 xxk f 000 0 eng d | ||
| 035 | _a(Sirsi) u137716 | ||
| 041 | 0 | _aeng | |
| 100 | 1 | _aPowell, John | |
| 245 | 0 | 0 | _aPositive comeback |
| 260 | _c2007 | ||
| 490 | 0 |
_aEstates Gazette _v(0716) 2 April 2007, 182-184(3) |
|
| 520 | _aReports that city rent reviews are picking up with a strengthening of the London market, and that most cases settlements are being reached. Discusses the historical perspective, and the topics of environmental sustainability, use of incentives and the settled approach. | ||
| 590 | _aKA | ||
| 651 | 4 | _aLONDON | |
| 690 | _aCOMMERCIAL PROPERTY-COMMERCIAL LANDLORD AND TENANT-COMMERCIAL LEASES-RENT REVIEW (COMMERCIAL LEASES) | ||
| 942 | _n0 | ||
| 999 |
_c78697 _d78697 |
||